000 00360 a2200169 4500
001 195484
020 _a978-85-08-17184-2
040 _cMagnum
100 _aIacocca , Michele
240 1 0 _aO jacaré e o sapo
_lpor
245 1 0 _aO jacaré e o sapo
300 _a16
362 0 _a2015
440 1 _aÁtica
697 _aLITERATURA INFANTIL
942 _cBK
999 _c195484
_d195484